The value of registration (Record no. 83033)

MARC details
000 -LEADER
fixed length control field 01068cad a22002295a 4500
001 - CONTROL NUMBER
control field L152622
008 - FIXED-LENGTH DATA ELEMENTS--GENERAL INFORMATION
fixed length control field 110406s2011 xxk 000 0 eng d
035 ## - SYSTEM CONTROL NUMBER
System control number (Sirsi) u152622
041 0# - LANGUAGE CODE
Language code of text/sound track or separate title eng
100 1# - MAIN ENTRY--PERSONAL NAME
Personal name Rusholme, David
245 04 - TITLE STATEMENT
Title The value of registration
260 ## - PUBLICATION, DISTRIBUTION, ETC.
Date of publication, distribution, etc. 2011
490 #0 - SERIES STATEMENT
Series statement RICS Commercial Property Journal
Volume/sequential designation March-April 2011, 5-8(4)
520 ## - SUMMARY, ETC.
Summary, etc. Explains how the new RICS Valuer Registration Scheme will help promote high-quality valuations to clients and the public alike. Covers the scheme's mission, who counts as a valuer within the scheme, the benefits to RICS members, whether the benefits will be recognised in the market, the registration process and fee structure. FAQs are appended.
590 ## - LOCAL NOTE (RLIN)
Local note KA
650 24 - SUBJECT ADDED ENTRY--TOPICAL TERM
Topical term or geographic name entry element RICS VALUER REGISTRATION SCHEME
651 #4 - SUBJECT ADDED ENTRY--GEOGRAPHIC NAME
Geographic name United Kingdom
Chronological subdivision
690 ## - LOCAL SUBJECT ADDED ENTRY--TOPICAL TERM (OCLC, RLIN)
Topical term or geographic name as entry element PROPERTY-PROPERTY VALUATION AND APPRAISAL
700 1# - ADDED ENTRY--PERSONAL NAME
Personal name Telford, Diane
856 40 - ELECTRONIC LOCATION AND ACCESS
Uniform Resource Identifier <a href="https://www.rics.org/site/scripts/documents.aspx?categoryID=316">https://www.rics.org/site/scripts/documents.aspx?categoryID=316</a>
Public note RICS members can view this article free of charge at www.rics.org
942 ## - ADDED ENTRY ELEMENTS (KOHA)
Suppress in OPAC 0
Holdings
Withdrawn status Lost status Source of classification or shelving scheme Damaged status Not for loan Home library Current library Shelving location Date acquired Total Checkouts Full call number Barcode Date last seen Copy number Price effective from Koha item type
    Dewey Decimal Classification     Virtual Virtual Online 06/04/2011   ONLINE PUBLICATION 152622-2001 06/08/2019 1 06/08/2019 Journal article